[Event "Olympiad Women-44"]
[Site "Chennai"]
[Date "2022.08.01"]
[Round "4.4"]
[White "Prasad, Tanvi"]
[Black "Bofroud, Naya"]
[Result "1/2-1/2"]
[WhiteElo "1165"]
[BlackElo "1660"]
[PlyCount "115"]
[EventDate "2022.07.29"]
[EventType "team-swiss"]
[EventRounds "11"]
[EventCountry "IND"]
[SourceTitle "CBM 210"]
[Source "ChessBase"]
[SourceDate "2022.10.31"]
[SourceVersion "1"]
[SourceVersionDate "2022.10.31"]
[SourceQuality "1"]
[WhiteTeam "Fiji (W)"]
[BlackTeam "Syria (W)"]
[WhiteTeamCountry "FIJ"]
[BlackTeamCountry "SYR"]

1. d4 d5 2. c4 e6 3. cxd5 exd5 4. Nc3 Nf6 5. Bg5 c6 6. Nf3 Be7 7. h3 Nbd7 8. e3 0-0 9. Bd3 Re8 10. 0-0 Nf8 11. Bc2 Ne4 12. Bf4 Ng5 13. Nxg5 Bxg5 14. Bh2 g6 15. Ne2 Ne6 16. Qd3 Bh6 17. Be5 Qe7 18. a3 Ng5 19. h4 Ne4 20. h5 Bf5 21. hxg6 hxg6 22. Qd1 Qh4 23. Ng3 Bg4 24. Qe1 Bg7 25. Nxe4 Bxe5 26. dxe5 dxe4 27. Bxe4 Rxe5 28. f3 Qh6 29. Bxc6 bxc6 30. fxg4 Qg5 31. Rf4 Rae8 32. Qf2 Rxe3 33. Rf1 Re2 34. Qxa7 R2e7 35. Qd4 Qb5 36. Qc4 Qb6+ 37. Kh2 Qc7 38. g3 Re2+ 39. R1f2 Rxf2+ 40. Rxf2 Re3 41. Qf4 Qe7 42. Qb8+ Kg7 43. Qb6 Qe5 44. Rg2 Qe4 45. g5 Qf3 46. Qd4+ Kh7 47. Qf4 Qxf4 48. gxf4 Rf3 49. a4 Rxf4 50. b3 Rb4 51. Rb2 c5 52. a5 c4 53. Kg2 cxb3 54. Kf3 Rb5 55. Kf4 Rxa5 56. Rxb3 Kg7 57. Rb4 Rf5+ 58. Kg4 1/2-1/2

[Event "Arab-ch U16 Girls"]
[Site "Baghdad"]
[Date "2022.03.12"]
[Round "4"]
[White "Ola, Bilal"]
[Black "Bofroud, Naya"]
[Result "1-0"]
[WhiteElo "1708"]
[BlackElo "1768"]
[PlyCount "111"]
[EventDate "2022.03.10"]
[EventType "swiss"]
[EventRounds "9"]
[EventCountry "IRQ"]
[SourceTitle "EXT 2023"]
[Source "ChessBase"]
[SourceDate "2022.10.05"]
[SourceVersion "1"]
[SourceVersionDate "2022.10.05"]
[SourceQuality "1"]

1. Nf3 d5 2. d4 Nf6 3. e3 c5 4. Bb5+ Bd7 5. Be2 Nc6 6. b3 cxd4 7. exd4 Bg4 8. Nbd2 e6 9. a3 Bd6 10. Bb2 Rc8 11. 0-0 0-0 12. Bd3 Qc7 13. Qe1 Rfd8 14. Kh1 Bh5 15. Rc1 Bf4 16. Rb1 Bg6 17. Bxg6 hxg6 18. g3 Bxd2 19. Qxd2 Ne4 20. Qe3 Ne7 21. c4 Nf5 22. Qd3 Nf6 23. c5 Ne4 24. Nd2 Nf6 25. Kg2 Kf8 26. Rbe1 Ke7 27. Nf3 Kf8 28. Bc1 Ne4 29. Bf4 Qa5 30. b4 Qa4 31. Ng5 Nxg5 32. Bxg5 Rd7 33. g4 Ne7 34. Bxe7+ Rxe7 35. Rc1 Qe8 36. b5 Rec7 37. a4 Qd7 38. h3 Qe7 39. Rc2 e5 40. Rfc1 exd4 41. Qxd4 Qe4+ 42. Qxe4 dxe4 43. Kg3 f5 44. Kf4 fxg4 45. hxg4 Rf7+ 46. Kxe4 Re8+ 47. Kd5 Rd7+ 48. Kc4 Re4+ 49. Kb3 Rxg4 50. c6 bxc6 51. Rxc6 Re7 52. a5 Re5 53. R1c5 Re2 54. b6 axb6 55. axb6 Ree4 56. Rc4 1-0